| 000 | 01283cam a2200301 a 4500 | ||
|---|---|---|---|
| 001 | 1653324 | ||
| 003 | OSt | ||
| 005 | 20140311134811.0 | ||
| 008 | 970603s1997 nyuab 000 0 eng | ||
| 010 | _a 97023194 | ||
| 020 | _a0312965338 | ||
| 040 |
_aDLC _cDLC _dDLC |
||
| 043 |
_aa-cc--- _aa-np--- |
||
| 050 | 0 | 0 |
_aGV 199.44 _b.B762 1998 |
| 082 | 0 | 0 |
_aM 796.522 _bB66 1998 |
| 245 | 1 | 4 |
_aThe climb : _btragic ambitions on Everest / _cBoukreev, Anatoli; DeWalt, G. Weston |
| 260 |
_aNew York : _bSt. Martin's Press, _cc1997. |
||
| 300 |
_axvi, 297 p. : _bill. (some col.) ; _c17 cm. |
||
| 600 | 1 | 0 |
_aBukreev, Anatoliĭ Nikolaevich, _d1958-1997. |
| 610 | 2 | 0 |
_aMountain Madness (Firm). _bEverest Expedition _d(1996) |
| 650 | 0 |
_aMountaineering accidents _zEverest, Mount (China and Nepal) |
|
| 650 | 0 |
_aMountaineering _xSearch and rescue operations _zEverest, Mount (China and Nepal) |
|
| 700 | 1 | _aDeWalt, G. Weston. | |
| 906 |
_a7 _bcbc _corignew _d1 _eocip _f19 _gy-gencatlg |
||
| 942 |
_2lcc _cBK _kM |
||
| 999 |
_c35829 _d35829 |
||